000 01200nam2a2200277 4500
001 RU\NLR\bibl\1696874
005 20250616060157.0
010 _a978-5-901151-18-1
021 _aRU
_b2010-76931
_95130
035 _a(NLR Aleph) 001687967
090 _a1142695
_c1142695
100 _a20101110d2010 |||y0rusy50 ca
101 0 _arus
102 _aRU
105 _aac |||||||||
200 1 _aОт романтизма до наших дней
_fДжованни Реале, Дарио Антисери, Светлана Мальцева
210 _d2010
_aБ. м.
215 _a704 с.
_cил., портр.
320 _aБиблиогр.: с. 681-690
320 _aИмен. указ.: с. 691-704
461 0 _1001RU\NLR\bibl\1395485
_12001#$aЗападная философия от истоков до наших дней$v4
_91141015
_aМальцева, С. А. (1953-)
_cСанкт-Петербург
_d2008
_fС.А. Мальцева, Д. Антисери и Дж. Реале
_nПневма
_tЗападная философия от истоков до наших дней
_v4
801 0 _aRU
_bNLR
_c20101110
_gRCR
801 1 _aRU
_bNLR
_c20101110
942 _cBOOK
980 _aNB